000 00581nam a22001817a 4500
005 20231113141133.0
008 231113b |||||||| |||| 00| 0 eng d
020 _a0409045683
041 _aEnglish
082 _a345.3 NEE
100 _aNeethling, J ; Potgieter, JM and Visser PJ
_lEnglish
245 _aLaw of Delict /
_cJ Neethling, JM Potgieter and PJ Visser
250 _aFourth Edition
260 _aDurban :
_bLexisNexis Butterworths,
_c2001
300 _bxii, 449 pages ;
_c24,7 cm.
650 _aLegal practice
_bLaw
942 _cBK
_6ALISON_BN_VRIES
999 _c581
_d581